000 00278nam a22001337a 4500
008 180215b xxu||||| |||| 00| 0 eng d
020 _a9780500289587
041 _aeng
080 _a941
100 _a16
101 _aHIS
245 _aThe Cold War
_cThames
942 _2udc
_cBK
999 _c42608
_d42608